| LEADER | 00864nam a2200229 a 4500 | ||
|---|---|---|---|
| 001 | GR-MES12938 | ||
| 008 | 070831s nyu 000 0 gre d | ||
| 020 | |a 1904594212 | ||
| 040 | |a GrPaTEI |b gre |c GR-PaULI | ||
| 040 | |a GrPaTEI |b gre |c GR-PaULI | ||
| 082 | 0 | |a 635.977 2 |2 21 | |
| 100 | 1 | |a Owen, Gordon | |
| 245 | 1 | 0 | |a Growing classic bonsai / |c [Gordon Owen]. |
| 260 | |a New York : |b Angus, |c c2003 | ||
| 300 | |a 128σ. : |b εικ. ; |c 28εκ. | ||
| 504 | |a Includes glossary and index. | ||
| 650 | 0 | |a Bonsai | |
| 650 | 4 | |a Μπονσαι | |
| 942 | |2 ddc | ||
| 952 | |0 0 |1 0 |2 ddc |4 0 |6 635_977000000000000_2_OWE |7 0 |9 271495 |a MSLG |b MSLG |c BSC |d 2021-01-17 |e 24 |f 0 |g 0.00 |l 0 |o 635.977 2 OWE |p 2420000022203 |r 2021-01-17 00:00:00 |t 1 |v 2021.00 |w 2021-01-17 |y BK15 |x Μεταφορά από Αμαλιάδα (18/10/22) |x GrPaTEI | ||
| 971 | |a .b25789855 |b 15-04-20 |c 13-09-16 | ||
| 999 | |c 156834 |d 156834 | ||